00781cam a2200241 a 450000100100000000500170001000800410002702000150006804000200008308200240010310000390012724500280016625000120019426000330020630000210023949000210026065000280028165000310030983000290034091000280036995201270039799900150052400000802120200929154409.0791126s1994 sp 000 f spa  a8423309894 aDO-SdBNPdBNPHU a863.64bL167n, 19941 aLaforet, Carmen,d1921-200492191810aNada /cCarmen Laforet. a19a ed. aBarcelona :bDestino,c1994. a295 p. ;c20 cm.1 aDestinolibrov57 4aNovela española91123 4aLiteratura española9632 0aDestinolibro ;v5798086 aCatalogación derivada 001052708MOaGRbGRcCTd2009-09-14iLF1l0o863.64 L167n, 1994p8021-10r2020-06-25w2020-06-25y2ZPréstamo interno c7798d7798